00961nam a2200313Ia 4500001000900000003000500009005001700014008004100031010001100072020002200083040000900105082002300114100001800137245010600155260003400261300001200295440001600307503000700323650003400330650004100364650002600405650002600431650003000457650002900487650003500516650003000551700003200581700003400613dia_6722CHAP20251021154345.0220117s2017 xx 000 0 und d a178883 a978-607-7579-70-0 cCHAP a370.19346 M67 2017 aMoreno, Yanet aAprendizajes significativos en el cafetal /c Yanet Moreno, Armando Contreras y María Luisa Osorio aMéxico :b CENACAFE,c2017 a[35] p. aCafe in red aD. aEducación ruralxMéxico  aEducación y capacitación rural  aEducational methods  aEducational resources aMétodos educacionales  aRecursos educacionales  aRural education and training  aRural educationxMexico  aContreras, Armando, coaut.  aOsorio, María Luisa, coaut.